| 000 | 01426nam a2200349Ia 4500 | ||
|---|---|---|---|
| 001 | ebr5001428 | ||
| 003 | CaPaEBR | ||
| 006 | m u | ||
| 007 | cr cn||||||||| | ||
| 008 | 981005s1998 enk sb 001 0 eng d | ||
| 020 | _z0415183413 (pbk.) | ||
| 040 |
_aCaPaEBR _cCaPaEBR |
||
| 035 | _a(OCoLC)70764508 | ||
| 050 | 1 | 4 |
_aHM22.F82 _b.F697 1998eb |
| 245 | 0 | 0 |
_aReassessing Foucault _h[electronic resource] : _bpower, medicine and the body / _cedited by Colin Jones and Roy Porter. |
| 260 |
_aLondon ; _aNew York : _bRoutledge, _c1998. |
||
| 300 | _ax, 226 p. | ||
| 490 | 1 | _aStudies in the social history of medicine | |
| 500 | _a"First published in paperback 1998." | ||
| 504 | _aIncludes bibliographical references and index. | ||
| 533 |
_aElectronic reproduction. _bPalo Alto, Calif. : _cebrary, _d2013. _nAvailable via World Wide Web. _nAccess may be limited to ebrary affiliated libraries. |
||
| 600 | 1 | 0 |
_aFoucault, Michel _xContributions in sociology. |
| 650 | 0 | _aPower (Social sciences) | |
| 650 | 0 | _aAssociations, institutions, etc. | |
| 650 | 0 | _aSocial medicine. | |
| 655 | 7 |
_aElectronic books. _2local |
|
| 700 | 1 |
_aJones, Colin, _d1947- |
|
| 700 | 1 |
_aPorter, Roy, _d1946-2002. |
|
| 710 | 2 | _aebrary, Inc. | |
| 830 | 0 | _aStudies in the social history of medicine. | |
| 856 | 4 | 0 |
_uhttp://site.ebrary.com/lib/rucke/Doc?id=5001428 _zAn electronic book accessible through the World Wide Web; click to view |
| 999 |
_c1192 _d1192 |
||